Statistics for Found Footage Movies

Click here to take the quiz!

General Stats

  • This quiz has been taken 344 times
  • The average score is 4 of 7

Answer Stats

YearHintMovie% Correct
1999A hiking trip in Maryland to film a documentary goes horribly wrong.The Blair Witch Project
92%
2007A young couple set up a camera to document a presence haunting their home.Paranormal Activity
86%
2008Found footage reveals people running from a massive monster attacking NYC.Cloverfield
74%
1980Violent Italian horror film about a rescue mission in the AmazonCannibal Holocaust
47%
2009News and surveillance footage tell the story of aliens arriving in South Africa.District 9
41%
2012Three friends plan to become popular by throwing a massive party.Project X
36%
2012Footage reveals how three friends form a bond after receiving mysterious powers.Chronicle
26%

Score Distribution

Percentile by Number Answered

Percent of People with Each Score

Your Score History

You have not taken this quiz